[Event "COL-ch Amateur U2000"]
[Site "Paipa"]
[Date "2020.02.26"]
[Round "1"]
[White "Forero, Jairo Orlando"]
[Black "Celis Vargas, Walter Enrique"]
[Result "1-0"]
[WhiteElo "1828"]
[BlackElo "1672"]
[PlyCount "77"]
[EventDate "2020.02.26"]
[EventType "swiss"]
[EventRounds "9"]
[EventCountry "COL"]
[SourceTitle "CBM 195 Extra"]
[Source "ChessBase"]
[SourceDate "2020.05.31"]
[SourceVersion "1"]
[SourceVersionDate "2020.05.31"]
[SourceQuality "1"]

1. Nc3 d5 2. e4 dxe4 3. Nxe4 Nf6 4. Ng3 Nc6 5. Bb5 Bd7 6. d4 a6 7. Bc4 g6 8. Nf3 Bg4 9. h3 Bxf3 10. Qxf3 Bg7 11. c3 0-0 12. Bg5 Na5 13. Bd3 Qd5 14. Qxd5 Nxd5 15. h4 e5 16. dxe5 Bxe5 17. 0-0-0 Bf4+ 18. Kc2 Bxg5 19. hxg5 Nf4 20. Ne4 Kg7 21. Rh6 Rad8 22. Nf6 Rh8 23. g3 Nd5 24. Ne4 f6 25. Rdh1 fxg5 26. Nxg5 Rd6 27. Rxh7+ Rxh7 28. Rxh7+ Kg8 29. b4 Nc6 30. Bc4 Ne5 31. Bxd5+ Rxd5 32. Rxc7 Ng4 33. Ne4 Rf5 34. Rxb7 Nxf2 35. Nxf2 Rxf2+ 36. Kb3 Rf6 37. a4 g5 38. a5 g4 39. Rb6 1-0

[Event "Pan American-ch"]
[Site "Cartagena"]
[Date "2012.09.08"]
[Round "9"]
[White "Rosado Perez, Maria Jose"]
[Black "Forero, Jairo Orlando"]
[Result "1-0"]
[WhiteElo "1902"]
[BlackElo "1774"]
[PlyCount "54"]
[EventDate "2012.07.04"]
[EventType "swiss"]
[EventRounds "9"]
[EventCountry "COL"]
[SourceTitle "CBM 149 Extra"]
[Source "ChessBase"]
[SourceDate "2012.08.24"]
[SourceVersion "1"]
[SourceVersionDate "2012.08.24"]
[SourceQuality "1"]

1. e4 d5 2. exd5 Nf6 3. c4 Bg4 4. Be2 h5 5. Nc3 c6 6. dxc6 Nxc6 7. Nf3 e5 8. h3 Bf5 9. Qa4 Qd7 10. d3 Bc5 11. Bg5 Be6 12. a3 Bb6 13. Bxf6 gxf6 14. Ne4 Rh6 15. c5 Bc7 16. Rd1 Qd5 17. 0-0 Ke7 18. Qc4 Qd7 19. Qc1 Rh7 20. Nxf6 Bxh3 21. Nxd7 Rg8 22. Ng5 Rhg7 23. gxh3 Rxg5+ 24. Kh1 Nd4 25. Qd2 e4 26. Rg1 Nf3 27. Bxf3 exf3 1-0

[Event "Pan American-ch"]
[Site "Cartagena"]
[Date "2012.07.07"]
[Round "7"]
[White "Forero, Jairo Orlando"]
[Black "Lizarazo, Doris Liliana"]
[Result "1-0"]
[WhiteElo "1774"]
[BlackElo "1877"]
[PlyCount "56"]
[EventDate "2012.07.04"]
[EventType "swiss"]
[EventRounds "9"]
[EventCountry "COL"]
[SourceTitle "CBM 149 Extra"]
[Source "ChessBase"]
[SourceDate "2012.08.24"]
[SourceVersion "1"]
[SourceVersionDate "2012.08.24"]
[SourceQuality "1"]

1. Nc3 Nc6 2. f4 g6 3. Nf3 Bg7 4. d4 d5 5. e3 Bf5 6. Bb5 Qd6 7. Ne5 f6 8. Nd3 Bxd3 9. Qxd3 0-0-0 10. 0-0 e5 11. fxe5 fxe5 12. Bxc6 Qxc6 13. Rf7 e4 14. Nb5 Kb8 15. Qf1 Bh6 16. Rxc7 Qf6 17. Rf7 Qxf1+ 18. Kxf1 Rf8 19. Nd6 Ne7 20. Ke2 Kc7 21. Nb5+ Kb6 22. Rxe7 Kxb5 23. a4+ Kc6 24. Bd2 Bg5 25. Re6+ Kd7 26. Re5 Rf5 27. Rxf5 gxf5 28. Ra3 h5 1-0